Latifa Kosta v Trustees of the Phillimore Estate (Record no. 84532)
[ view plain ]
| 000 -LEADER | |
|---|---|
| fixed length control field | 01018cab a22002055a 4500 |
| 001 - CONTROL NUMBER | |
| control field | L158215 |
| 008 - FIXED-LENGTH DATA ELEMENTS--GENERAL INFORMATION | |
| fixed length control field | 141015e2014 xxk 000 0 eng d |
| 035 ## - SYSTEM CONTROL NUMBER | |
| System control number | (Sirsi) u158215 |
| 041 0# - LANGUAGE CODE | |
| Language code of text/sound track or separate title | eng |
| 245 00 - TITLE STATEMENT | |
| Title | Latifa Kosta v Trustees of the Phillimore Estate |
| Medium | [electronic resource] |
| 260 ## - PUBLICATION, DISTRIBUTION, ETC. | |
| Date of publication, distribution, etc. | 2014 |
| 520 ## - SUMMARY, ETC. | |
| Summary, etc. | [2014] UKUT 0319 (LC), 3 July 2014. Appeal by appellant landlord T over the method of calculating the price payable for purchase of lease of house under the Leasehold Reform Act 1967 s9(1). Tenant K's expert calculation based upon market-based valuation evidence for working out relativity whilst T's calculation based on relativity graphs published by RICS. "Held" Appeal dismissed. |
| 590 ## - LOCAL NOTE (RLIN) | |
| Local note | KA |
| 650 24 - SUBJECT ADDED ENTRY--TOPICAL TERM | |
| Topical term or geographic name entry element | RELATIVITY |
| 650 24 - SUBJECT ADDED ENTRY--TOPICAL TERM | |
| Topical term or geographic name entry element | LEASEHOLD REFORM ACT 1967 |
| 651 #4 - SUBJECT ADDED ENTRY--GEOGRAPHIC NAME | |
| Geographic name | England and Wales |
| Chronological subdivision | 1543- |
| 690 ## - LOCAL SUBJECT ADDED ENTRY--TOPICAL TERM (OCLC, RLIN) | |
| Topical term or geographic name as entry element | Valuation |
| 9 (RLIN) | 6273 |
| 856 40 - ELECTRONIC LOCATION AND ACCESS | |
| Uniform Resource Identifier | <a href="https://www.landstribunal.gov.uk/judgmentfiles/j1061/LRA-108-2013.pdf">https://www.landstribunal.gov.uk/judgmentfiles/j1061/LRA-108-2013.pdf</a> |
| Public note | View the law report free of charge at www.landstribunal.gov.uk |
| 942 ## - ADDED ENTRY ELEMENTS (KOHA) | |
| Suppress in OPAC | 0 |
| Withdrawn status | Lost status | Source of classification or shelving scheme | Damaged status | Not for loan | Home library | Current library | Shelving location | Date acquired | Total Checkouts | Full call number | Barcode | Date last seen | Copy number | Price effective from | Koha item type |
|---|---|---|---|---|---|---|---|---|---|---|---|---|---|---|---|
| Dewey Decimal Classification | Virtual | Virtual | Online | 15/10/2014 | ONLINE PUBLICATION | 158215-2001 | 06/08/2019 | 1 | 06/08/2019 | Law report |